000 00626nam a22002055i 4500
001 176611
003 ES-MaACL
005 20230906220134.0
008 110126s2010 sp |||| | spa d
020 _a978-84-614-1804-6
080 _a821.134.2-14"19"
100 1 _aValero, Julieta.
_9144876
245 1 0 _aPoesía 8++ /
_cJulieta Valero.
260 _a[Madrid] :
_bLibertad 8 :
_bAbsurda Fábula,
_cD. L. 2010.
300 _a31 p. ;
_c17 cm.
490 1 _aHazversidades poéticas ;
_v8 de octubre
830 0 _aHazversidades poéticas ;
_v8 de octubre
_9190178
852 _aES-MaACL
_j2270-F-5
999 _c176611
_d176611